Every Wrestler to Win Championships in Both WWE & TNA - Statistics

General Stats
  • This quiz has been taken 256 times
    53 since last reset
  • The average score is 34 of 73
Answer Stats
WWE Championships TNA Championships Wrestler % Correct
(x1) WWE Champion
(x2) World Heavyweight Champion (x5) WWE Intercontinental Champion (x1) WWE United States Champion (x1) WWF European Champion (x1) WWF Light Heavyweight Champion (x3) WWF Hardcore Champion (x6) World Tag Team Champion (x1) WWE Raw Tag Team Champion (x1) WWE SmackDown Tag Team Champion
(x1) WCW World Tag Team Champion
(x3) TNA World Heavyweight Champion(x3) TNA World Tag Team Champion Jeff Hardy
92%
(x4) WWE Champion(x1) World Heavyweight Champion (x1) WWF Intercontinental Champion (x1) WWF European Champion (x1) WWF Hardcore Champion (x1) WWE Tag Team Champion (x1) WCW World Heavyweight Champion (x1) WCW United States Champion (x6) TNA World Heavyweight Champion(x2) TNA World Tag Team Champion (x1) TNA X-Division Champion Kurt Angle
92%
(x1) ECW Champion
(x1) WWE United States Champion
(x1) WWF European Champion (x1) WWE Cruiserweight Champion (x1) WWF Hardcore Champion
(x6) World Tag Team Champion
(x1) WWE Tag Team Champion
(x2) WWE Raw Tag Team Champion (x1) WWE SmackDown Tag Team Champion
(x1) WCW World Tag Team Champion
(x2) TNA World Heavyweight Champion,(x3) TNA World Tag Team Champion, Matt Hardy
92%
(x2) WWE Champion(x1) WWE Intercontinental Champion (x3) WWE United States Champion
(x1) WWE Raw Tag Team Champion
(x2) TNA World Heavyweight Champion(x6) TNA X-Division Champion (x2) TNA King of the Mountain Champion (x2) TNA World Tag Team Champion (x3) NWA Worlds Heavyweight Champion (x4) NWA World Tag Team Champion AJ Styles
89%
(x11) WWE Hardcore Champion (x8) World Tag Team Champion(x1) WWE Tag Team Champion (x1) WCW World Tag Team Champion (x2) TNA World Heavyweight Champion(x2) TNA World Tag Team Champion (x1) NWA World Tag Team Champion Bully Ray
89%
(x2) World Heavyweight Champion (x2) ECW Champion(x4) WWE Intercontinental Champion (x1) WWF European Champion (x1) WWF Light Heavyweight Champion (x1) WWF Hardcore Champion
(x9) World Tag Team Champion
(x1) Impact World Heavyweight Champion (x2) NWA Worlds Heavyweight Champion Christian Cage
89%
(x8) World Tag Team Champion(x1) WWE Tag Team Champion (x1) WCW World Tag Team Champion (x2) TNA Television Champion(x2) TNA World Tag Team Champion (x1) NWA World Tag Team Champion D-Von Dudley
89%
(x2) WWE United States Champion (x2) WWF Hardcore Champion
(x52) WWE 24/7 Champion,
(x2) WWE World Tag Team Champion
(x1) TNA World Tag Team Champion,(x2) NWA Worlds Heavyweight Champion, (x1) NWA World Tag Team Champion R-Truth
83%
(x2) WWE Champion(x1) WWE World Heavyweight Champion
(x1) WWE Intercontinental Champion
(x1) WWE Tag Team Champion (x1) WWE Raw Tag Team Champion
(x1) NXT Champion
(x1) TNA World Heavyweight Champion(x1) Impact Grand Champion Drew McIntyre
81%
(x1) WWF Champion(x1) WWF Intercontinental Champion (x2) World Tag Team Champion (x2) TNA Legends Champion,(x1) TNA World Tag Team Champion Kevin Nash
81%
(x1) WWE Champion(x1) ECW Champion (x6) WWE Intercontinental Champion (x1) WWE European Champion (x4) WWE Hardcore Champion (x2) World Tag Team Champion (x1) WWE Tag Team Champion (x1) TNA World Heavyweight Champion(x1) TNA X-Division Champion Rob Van Dam
81%
(x1) World Heavyweight Champion(x1) WWE Intercontinental Champion (x3) WWE United States Champion
(x2) WWF Hardcore Champion (x3) World Tag Team Champion
(x2) WCW World Heavyweight Champion (x1) WCW World Tag Team Champion
(x1) TNA Legends Champion,(x1) TNA World Tag Team Champion Booker T
78%
(x1) WWE United States Champion (x1) WWE 24/7 Champion (x2) WWE Raw Tag Team Champion (x1) WWE SmackDown Tag Team Champion (x1) NXT Champion (x2) TNA World Heavyweight Champion(x6) TNA World Tag Team Champion (x1) TNA King of the Mountain Champion (x2) NWA World Tag Team Champion Robert Roode
78%
(x3) WWF Champion(x1) WWF Hardcore Champion
(x8) World Tag Team Champion
(x1) TNA World Heavyweight Champion (x1) TNA Legends Champion Mick Foley
75%
(x2) WWE Champion (x2) ECW Champion(x2) WWE Intercontinental Champion (x3) WWE United States Champion (x4) Impact World Heavyweight Champion (x1) TNA X-Division Champion (x1) TNA King of the Mountain Champion Bobby Lashley
72%
(x2) WWE United States Champion (x3) NXT Champion (x1) TNA World Heavyweight Champion(x5) TNA X-Division Champion (x2) TNA World Tag Team Champion Samoa Joe
72%
(x6) WWF Intercontinental Champion (x1) WWF European Champion (x1) World Tag Team Champion (x6) NWA Worlds Heavyweight Champion (x1) TNA King of the Mountain Champion Jeff Jarrett
69%
(x2) World Tag Team Champion (x2) Impact World Tag Team Champion Scott Steiner
69%
(x1) ECW Champion(x3) WWE Intercontinental Champion
(x1) World Tag Team Champion (x4) WWE Tag Team Champion (x1) WWE SmackDown Tag Team Champion
(x1) Impact World Heavyweight Champion Johnny Morrison
67%
(x1) WWE Intercontinental Champion (x1) WWE United States Champion (x1) WWE Tag Team Champion(x1) WWE Raw Tag Team Champion (x1) Impact Digital Media Champion Matt Cardona
67%
(x1) WWF Intercontinental Champion (x1) WWF Hardcore Champion (x5) World Tag Team Champion(x1) WWE Tag Team Champion (x2) NWA World Tag Team Champion Road Dogg
67%
(x1) Undisputed WWE Champion (x2) WWE Intercontinental Champion (x2) World Tag Team Champion(x3) WWE Tag Team Champion (x1) WWE Raw Tag Team Champion (x1) WWE SmackDown Tag Team Champion (x1) GFW NEXGEN Champion Cody Rhodes
64%
(x2) World Heavyweight Champion(x6) WWE Intercontinental Champion (x2) WWE United States Champion (x1) World Tag Team Champion (x2) WWE Raw Tag Team Champion (x1) WWE SmackDown Tag Team Champion (x1) NXT Champion (x1) TNA World Champion(x1) TNA World Tag Team Champion Nic Nemeth
64%
(x2) WWE Champion(x2) World Heavyweight Champion (x2) WWE United States Champion (x1) GFW Impact World Heavyweight Champion(x1) GFW Global Champion Alberto El Patron
61%
(x1) ECW Heavyweight Champion (x14) WWE Hardcore Champion (x1) Impact Digital Media Champion Tommy Dreamer
61%
(x1) ECW Champion(x4) WWE Cruiserweight Champion (x2) WWE Tag Team Champion (x2) TNA World Tag Team Champion Chavo Guerrero
58%
(x5) WWE Women's Champion(x1) WWE Divas Champion (x5) Impact Knockouts World Champion Mickie James
58%
(x27) WWE Hardcore Championship (x1) NWA Worlds Heavyweight Champion Raven
58%
(x3) WWF Hardcore Champion(x1) WWE SmackDown Tag Team Champion (x1) WCW United States Champion (x1) NWA Worlds Heavyweight Champion1 (x2) Impact World Tag Team Champion Rhino
58%
(x4) WWF Intercontinental Champion (x1) TNA World Tag Team Champion Scott Hall
58%
(x1) WWE Women's Tag Team Champion (x1) Impact Knockouts Tag Team Champion Cassie Lee
56%
(x1) WWE Women's Champion (x7) TNA Knockouts Champion (x1) TNA Knockouts Tag Team Champion Gail Kim
53%
(x2) WWE United States Champion (x1) Million Dollar Champion (x1) Impact World Heavyweight Champion (x1) TNA King of the Mountain Champion (x1) Impact World Tag Team Champion LA Knight
53%
(x2) WWF European Champion (x2) WWF Light Heavyweight Champion (x4) World Tag Team Champion (x1) TNA X-Division Champion X-Pac
53%
(x1) WWE Women's United States Champion(x1) WWE Women's Tag Team Champion (x1) Impact Knockouts World Champion(x1) Impact Knockouts Tag Team Champion Chelsea Green
47%
(x1) NXT Tag Team Champion (x2) Impact World Champion(x3) Impact World Tag Team Champion (x3) TNA King of the Mountain Champion (x1) TNA Knockouts Tag Team Champion (x2) NWA World Tag Team Champion Eric Young
47%
(x2) WWE Women's Champion (x5) TNA Knockouts Champion (x1) TNA Knockouts Tag Team Champion Victoria
47%
(x1) NXT North American Champion(x1) Million Dollar Champion (x2) Impact X-Division Champion(x1) TNA X-Division Champion Cameron Grimes
42%
(x1) WWE Cruiserweight Champion (x1) World Tag Team Champion(x1) WWE Tag Team Champion (x1) TNA X-Division Champion Brian Kendrick
39%
(x4) WWE 24/7 Champion (x2) TNA World Heavyweight Champion(x1) Impact Grand Champion EC3
39%
(x1) WWE United States Champion (x2) TNA World Heavyweight Champion Mr. Anderson
36%
(x1) WWE Cruiserweight Champion (x1) Impact World Heavyweight Champion(x1) Impact X-Division Champion (x1) Impact Digital Media Champion Rich Swann
36%
(x2) NXT Champion(x1) NXT North American Champion (x1) TNA World Champion Trick Williams
36%
(x1) WWE Women's United States Champion (x1) WWE Women's Tag Team Champion (x1) TNA Knockouts Tag Team Champion Zelina Vega
33%
(x1) NXT Champion(x1) NXT North American Champion (x2) Impact World Tag Team Champion Ethan Page
31%
(x1) WWE 24/7 Champion (x3) WWE Tag Team Champion(x1) WWE SmackDown Tag Team Champion (x1) Impact World Tag Team Champion Heath
31%
(x1) WWE Women's Tag Team Champion (x1) Impact Knockouts Tag Team Champion Jessie McKay
31%
(x1) WWF Intercontinental Champion(x1) World Tag Team Champion (x1) NWA Worlds Heavyweight Champion Ken Shamrock
31%
(x1) WWE World Tag Team Champion(x1) WWE Tag Team Champion (x3) WWE Raw Tag Team Champion (x5) WWE SmackDown Tag Team Champion (x1) NXT Tag Team Champion (x1) TNA World Tag Team Champion Xavier Woods
31%
(x1) WWE Tag Team Champion(x1) WWE Raw Tag Team Champion (x1) Impact Digital Media Champion(x3) TNA World Tag Team Champion Brian Myers
28%
(x1) WWF Intercontinental Champion (x4) WWF European Champion (x1) NWA World Tag Team Champion D'Lo Brown
28%
(x3) WWE Women's World Champion(x2) WWE Women's Tag Team Champion (x1) Impact Knockouts World Champion Naomi
28%
(x3) WWE Tag Team Champion (x1) TNA King of the Mountain Champion(x1) GFW NEXGEN Champion PJ Black
28%
(x14) WWE 24/7 Champion (x1) TNA Knockout World Tag Team Champion Ash By Elegance
25%
(x1) WWE Cruiserweight Champion (x2) Impact X-Division Champion TJP
25%
(x1) WWE 24/7 Champion (x1) TNA Knockouts Champion Maria
22%
(x2) WWE Raw Tag Team Champion (x3) Impact World Tag Team Champion Doc Gallows
19%
(x1) NXT Women's Champion (x1) TNA Knockouts World Champion Jacy Jayne
19%
(x1) WWF Light Heavyweight Champion (x2) TNA X-Division Champion(x2) NWA World Tag Team Champion Jerry Lynn
19%
(x2) WWE Raw Tag Team Champion (x3) Impact World Tag Team Champion Karl Anderson
19%
(x1) WWE Tag Team Champion (x1) Impact Grand Champion Aron Stevens
17%
(x8) WWE 24/7 Champion (x2) TNA X-Division Champion Drake Maverick
17%
(x1) WWE Tag Team Champion (x1) Impact X-Division Champion(x1) Impact Grand Champion Matt Sydal
17%
(x1) WWE Tag Team Champion (x1) TNA World Champion(x1) TNA X-Division Champion (x3) Impact World Tag Team Champion Alex Shelley
14%
(x1) WWE Tag Team Champion (x1) TNA Word Heavyweight Champion(x10) TNA X-Division Champion (x3) Impact World Tag Team Champion Chris Sabin
14%
(x1) WWE NXT Cruiserweight Champion (x1) Impact X-Division Champion Lio Rush
14%
(x2) WWE 24/7 Champion (x1) TNA X-Division Champion(x1) Impact World Tag Team Champion Mike Bennett
14%
(x2) WWE NXT Tag Team Champion (x1) TNA X-Division Champion (x1) Impact World Tag Team Champion Zachary Wentz
14%
(x1) WWE NXT UK Tag Team Champion (x1) Impact World Tag Team Champion Flash Morgan Webster
11%
(x1) WWE NXT UK Tag Team Champion (x1) Impact World Tag Team Champion Mark Andrews
11%
(x1) WWE Cruiserweight Champion (x1) TNA X-Division Champion(x2) NWA World Tag Team Champion Kid Kash
8%
(x4) WWE 24/7 Champion (x1) GFW Tag Team Champion Gurv Sihra
0%
(x5) WWE 24/7 Champion (x1) GFW Tag Team Champion Harv Sihra
0%
No matching quizzes found
Score Distribution
Percent of People with Each Score
Percentile by Number Answered
Your Score History
You have not taken this quiz since the last reset